[Event "TUR-chT 2nd League"]
[Site "Denizli"]
[Date "2023.07.09"]
[Round "1.36"]
[White "Yildiz, Egehan"]
[Black "Kandaz, Berat Efe"]
[Result "1-0"]
[WhiteElo "1764"]
[BlackElo "1756"]
[PlyCount "51"]
[EventDate "2023.07.09"]
[EventType "team-swiss"]
[EventRounds "9"]
[EventCountry "TUR"]
[SourceTitle "CBM 215 Extra"]
[Source "ChessBase"]
[SourceDate "2023.09.30"]
[SourceVersion "1"]
[SourceVersionDate "2023.09.30"]
[SourceQuality "1"]
[WhiteTeam "Cesme Belediye"]
[BlackTeam "Moda"]
[WhiteTeamCountry "TUR"]
[BlackTeamCountry "TUR"]

1. d4 d5 2. c4 c6 3. Nf3 Nf6 4. Nc3 e6 5. Qd3 Nbd7 6. g3 Bd6 7. Bg2 0-0 8. 0-0 dxc4 9. Qxc4 e5 10. Rd1 Qe7 11. e4 exd4 12. Nxd4 Ne5 13. Qe2 Rd8 14. h3 Bc5 15. Be3 Be6 16. b3 Bb4 17. Na4 c5 18. Nxe6 Rxd1+ 19. Rxd1 fxe6 20. f4 Nc6 21. e5 Ne8 22. Bxc6 bxc6 23. Qc4 Kf7 24. Bxc5 Bxc5+ 25. Nxc5 Nc7 26. Rd7 1-0

[Event "TUR Cup"]
[Site "Adapazari"]
[Date "2022.03.28"]
[Round "6"]
[White "Aysoy, Veysi"]
[Black "Kandaz, Berat Efe"]
[Result "0-1"]
[WhiteElo "1828"]
[BlackElo "1519"]
[PlyCount "46"]
[EventDate "2022.03.25"]
[EventType "swiss"]
[EventRounds "11"]
[EventCountry "TUR"]
[SourceTitle "EXT 2023"]
[Source "ChessBase"]
[SourceDate "2022.10.05"]
[SourceVersion "1"]
[SourceVersionDate "2022.10.05"]
[SourceQuality "1"]

1. e4 c5 2. Nf3 d6 3. d4 cxd4 4. Nxd4 Nf6 5. Nc3 a6 6. Bg5 e6 7. f4 Be7 8. Qf3 Qc7 9. 0-0-0 Nbd7 10. g4 h6 11. Bh4 g5 12. fxg5 Ne5 13. Ndb5 axb5 14. Nxb5 Qc6 15. Nxd6+ Bxd6 16. Qxf6 Ng6 17. gxh6 Be7 18. Rd8+ Kxd8 19. Qd4+ Bd7 20. Bxe7+ Kxe7 21. Bc4 e5 22. Qd3 Be6 23. Bd5 Nf4 0-1

[Event "TUR-chT Clubs"]
[Site "Konya"]
[Date "2019.07.21"]
[Round "9.14"]
[White "Karaca, Doruk"]
[Black "Kandaz, Berat Efe"]
[Result "0-1"]
[WhiteElo "1096"]
[BlackElo "1310"]
[PlyCount "148"]
[EventDate "2019.07.16"]
[EventType "team-swiss"]
[EventRounds "9"]
[EventCountry "TUR"]
[SourceTitle "CBM 191 Extra"]
[Source "ChessBase"]
[SourceDate "2019.09.30"]
[SourceVersion "1"]
[SourceVersionDate "2019.09.30"]
[SourceQuality "1"]
[WhiteTeam "Ermenek Turkuaz Yelken"]
[BlackTeam "Duzce Siyah Beyaz"]
[WhiteTeamCountry "TUR"]
[BlackTeamCountry "TUR"]

1. d4 d5 2. e3 Nf6 3. Bd3 e6 4. c3 c5 5. f4 Nc6 6. Nf3 Bd6 7. Ne5 0-0 8. Qf3 Qe7 9. Qh3 Ne4 10. Bxe4 dxe4 11. Nd2 cxd4 12. cxd4 Nb4 13. 0-0 f6 14. Nec4 e5 15. Qg3 exd4 16. exd4 Nc2 17. Rb1 e3 18. Nxe3 Qxe3+ 19. Qxe3 Nxe3 20. Re1 Nc2 21. Rd1 Bxf4 22. Nf3 Ne3 23. Re1 Re8 24. Bd2 Bf5 25. Rbc1 Nd5 26. Bxf4 Nxf4 27. Rxe8+ Rxe8 28. Rf1 Bg4 29. h3 Bxf3 30. Rxf3 Ne2+ 31. Kf2 Nxd4 32. Rd3 Nf5 33. Rd7 Re7 34. Rd5 Ne3 35. Ra5 a6 36. Ra3 Nd1+ 37. Kf3 Nxb2 38. Rb3 Nc4 39. Kf2 Nd2 40. Rd3 Ne4+ 41. Kf3 Nc5 42. Rc3 Re5 43. g4 h5 44. gxh5 Rxh5 45. Kg4 Re5 46. Kf4 b5 47. h4 b4 48. Rc2 a5 49. Rc4 Re4+ 50. Rxe4 Nxe4 51. Kxe4 a4 52. Kd3 b3 53. axb3 axb3 54. Kc3 Kh7 55. Kxb3 Kh6 56. Kc4 Kh5 57. Kd4 Kxh4 58. Ke3 g5 59. Kf2 g4 60. Kg2 g3 61. Kg1 Kh3 62. Kh1 g2+ 63. Kg1 f5 64. Kf2 Kh2 65. Ke3 g1Q+ 66. Kd3 f4 67. Ke4 Qe3+ 68. Kd5 f3 69. Kc4 f2 70. Kd5 f1Q 71. Kd6 Qd1+ 72. Kc6 Qc3+ 73. Kb5 Qb1+ 74. Ka4 Qcb4# 0-1

[Event "TUR-chT2"]
[Site "Konya"]
[Date "2018.07.14"]
[Round "8.8"]
[White "Kandaz, Berat Efe"]
[Black "Tugmen, Alperen"]
[Result "1-0"]
[WhiteElo "1269"]
[BlackElo "1290"]
[PlyCount "73"]
[EventDate "2018.07.10"]
[EventType "team-swiss"]
[EventRounds "9"]
[EventCountry "TUR"]
[SourceTitle "EXT 2019"]
[Source "ChessBase"]
[SourceDate "2018.10.10"]
[SourceVersion "1"]
[SourceVersionDate "2018.10.10"]
[SourceQuality "1"]
[WhiteTeam "Sakarya Buyuksehir"]
[BlackTeam "Sinop Kultur"]
[WhiteTeamCountry "TUR"]
[BlackTeamCountry "TUR"]

1. e4 e6 2. d4 d5 3. exd5 exd5 4. Nf3 Bd6 5. Bd3 Ne7 6. 0-0 0-0 7. Re1 Bg4 8. Be3 Nd7 9. Nbd2 h6 10. c3 c6 11. Qc2 Re8 12. h3 Bh5 13. Nh4 Nf8 14. Rac1 Bg6 15. Nxg6 Nfxg6 16. Nf3 Qc7 17. Re2 Kf8 18. Rce1 Bf4 19. Qd2 Rad8 20. Ne5 Bxe5 21. dxe5 Qxe5 22. Bxg6 fxg6 23. Bc5 Qf6 24. Rxe7 Rxe7 25. Bxe7+ Qxe7 26. Rxe7 Kxe7 27. Qe3+ Kd6 28. f4 a6 29. Qe5+ Kd7 30. Qxg7+ Kc8 31. Qxg6 Kb8 32. Qxh6 Ka7 33. f5 Ra8 34. f6 d4 35. f7 d3 36. f8Q d2 37. Qxa8+ 1-0

[Event "TUR-chT2"]
[Site "Konya"]
[Date "2018.07.11"]
[Round "2.11"]
[White "Bahadir, Melih"]
[Black "Kandaz, Berat Efe"]
[Result "1-0"]
[WhiteElo "1602"]
[BlackElo "1269"]
[PlyCount "69"]
[EventDate "2018.07.10"]
[EventType "team-swiss"]
[EventRounds "9"]
[EventCountry "TUR"]
[SourceTitle "EXT 2019"]
[Source "ChessBase"]
[SourceDate "2018.10.10"]
[SourceVersion "1"]
[SourceVersionDate "2018.10.10"]
[SourceQuality "1"]
[WhiteTeam "Duzce Duzcespor"]
[BlackTeam "Sakarya Buyuksehir"]
[WhiteTeamCountry "TUR"]
[BlackTeamCountry "TUR"]

1. d4 d5 2. c4 c6 3. cxd5 cxd5 4. Nc3 Nc6 5. Bf4 Bf5 6. e3 e6 7. Qb3 Qb6 8. Qxb6 axb6 9. Bb5 Bb4 10. Nf3 Nge7 11. 0-0 Ng6 12. Bc7 Bxc3 13. bxc3 0-0 14. Bxb6 Rfc8 15. Rfc1 Ra3 16. Bc5 Ra5 17. a4 Raa8 18. h3 h5 19. Nd2 Nf8 20. Be2 Bg6 21. c4 dxc4 22. Nxc4 Nd7 23. Nd6 Nxc5 24. Rxc5 b6 25. Rb5 Rcb8 26. Bf3 Nxd4 27. exd4 Ra7 28. Be4 Rd7 29. Bxg6 Rxd6 30. Bxh5 Rxd4 31. a5 Rd5 32. Rxd5 exd5 33. a6 Ra8 34. a7 Kf8 35. Bf3 1-0

[Event "TUR-chT2"]
[Site "Konya"]
[Date "2017.07.12"]
[Round "5.9"]
[White "Sakarya, Muammer Boran"]
[Black "Kandaz, Berat Efe"]
[Result "1-0"]
[WhiteElo "1495"]
[BlackElo "1264"]
[PlyCount "69"]
[EventDate "2017.07.09"]
[EventType "team-swiss"]
[EventRounds "9"]
[EventCountry "TUR"]
[SourceTitle "CBM 179 Extra"]
[Source "ChessBase"]
[SourceDate "2017.08.23"]
[SourceVersion "1"]
[SourceVersionDate "2017.08.23"]
[SourceQuality "1"]
[WhiteTeam "Uludag Univ"]
[BlackTeam "Sakarya Buyuksehir"]
[WhiteTeamCountry "TUR"]
[BlackTeamCountry "TUR"]

1. d4 Nf6 2. c4 g6 3. f3 Bg7 4. e4 d6 5. Nc3 0-0 6. Be3 e5 7. Nge2 Nc6 8. d5 Ne7 9. g4 c6 10. Qd2 Ne8 11. h4 f5 12. gxf5 gxf5 13. Bh6 f4 14. Bxg7 Nxg7 15. h5 Kh8 16. 0-0-0 Rg8 17. dxc6 bxc6 18. Qxd6 Qxd6 19. Rxd6 Ne8 20. Rd8 Nf6 21. Rd6 Ne8 22. Rd1 Nf6 23. Bh3 Bxh3 24. Rxh3 Rg5 25. Rd6 Nfg8 26. Rh2 Rf8 27. Rd7 Ra8 28. Nd1 a5 29. Nf2 Ra6 30. Ng4 c5 31. Rc7 Nc6 32. h6 Nd4 33. Nxd4 cxd4 34. Rc5 a4 35. Nxe5 1-0

[Event "TUR-chT2"]
[Site "Konya"]
[Date "2017.07.10"]
[Round "3.14"]
[White "Kandaz, Berat Efe"]
[Black "Karakus, Ali"]
[Result "1-0"]
[WhiteElo "1264"]
[BlackElo "1137"]
[PlyCount "53"]
[EventDate "2017.07.09"]
[EventType "team-swiss"]
[EventRounds "9"]
[EventCountry "TUR"]
[SourceTitle "CBM 179 Extra"]
[Source "ChessBase"]
[SourceDate "2017.08.23"]
[SourceVersion "1"]
[SourceVersionDate "2017.08.23"]
[SourceQuality "1"]
[WhiteTeam "Sakarya Buyuksehir"]
[BlackTeam "Dumlupinar Turk"]
[WhiteTeamCountry "TUR"]
[BlackTeamCountry "TUR"]

1. e4 c5 2. Nf3 d6 3. d4 cxd4 4. Nxd4 Nf6 5. Nc3 a6 6. Be3 b5 7. a3 Bb7 8. f3 e6 9. Bd3 Qc7 10. Qd2 Nbd7 11. 0-0 Rc8 12. Nb3 Nb6 13. Qe2 Nc4 14. Bxc4 Qxc4 15. Qxc4 bxc4 16. Na5 Ba8 17. Na4 d5 18. Nb6 Rb8 19. Nxa8 Rxa8 20. exd5 exd5 21. Nc6 Bd6 22. Nd4 0-0 23. Nf5 Be5 24. Bd4 Bxd4+ 25. Nxd4 Rab8 26. b4 cxb3 27. cxb3 1-0